| 000 | 00348nam a22001577a 4500 | ||
|---|---|---|---|
| 003 | SGT | ||
| 020 | _a978-81-7910-463-7 | ||
| 082 |
_a646.7 _bSIN |
||
| 100 | _aSINGH, AMAR | ||
| 245 | _aFRUIT PRODUCTION TECHNOLOGY | ||
| 250 | _a1ST | ||
| 260 |
_aINDIA _bAAVISHKAR PUB. _c2024 |
||
| 300 | _a504 | ||
| 650 | _aFRUIT PRODUCTION | ||
| 942 |
_2ddc _cBK |
||
| 999 |
_c28564 _d28564 |
||